00868nam a22002897a 4500001000700000003000900007005001700016007000300033008003600036020001900072040003000091082002900121100004300150245005200193250000600245260000600251264006400257300003100321336002700352337003500379338002900414490002300443500004400466500000600510650003000516650003200546000578DO-SdBPM20250711070527.0ta161020b2007 ck |||| 00| 0 spa d a9789962010395  aDO-SdBPMbspacBPMSUerda 4aP863.6 bF676s 20072 221 aFonseca Mora, Ramón, d1952-eautor 10aSoñar con la ciudad / cRamón Fonseca Mora. a  b  aSan José, Costa Rica : bSan José, Costa Rica : c2007. a233 páginas ; c21 cm.  atextobtxt2rdacontent asin mediación bn2rdamedia  avolumenbnc2rdacarrier 0 aAlfaguara juvenil. aIncluye datos biográficos del autor. a  7aNovela juvenil panameña 7aCampesinos vNovela juvenil